| 000 | 00435nam a22001697a 4500 | ||
|---|---|---|---|
| 003 | OSt | ||
| 005 | 20211103104103.0 | ||
| 008 | 211103b |||||||| |||| 00| 0 eng d | ||
| 020 | _a10082136314-X | ||
| 040 | _cHU | ||
| 082 | _a3394;6091724 | ||
| 100 |
_aPOVERTY AND THE WTO _916723 |
||
| 245 | _aPOVERTY.AND.THE.WTO.IMPACTS.OF.THE.DOHA.DEVELOPMENT.AGENDA | ||
| 260 |
_aUSA _bAMERICA _c2006 |
||
| 300 | _a537 | ||
| 942 |
_2ddc _cBOOKS _n0 |
||
| 999 |
_c16428 _d16428 |
||